Alle NBA DPOY Award Winner - Statistiken

Allgemein
  • Dieses Quiz wurde 345 mal gespielt
    96 seit der letzten Aktualisierung
  • Das Durchschnittsergebnis liegt bei 16 aus 43
Antwortstatistiken
Jahr Spieler % Korrekt
2018 Rudy Gobert
86%
2019 Rudy Gobert
86%
2021 Rudy Gobert
86%
2024 Rudy Gobert
86%
1988 Michael Jordan
75%
2009 Dwight Howard
52%
2010 Dwight Howard
52%
2011 Dwight Howard
52%
2022 Marcus Smart
52%
2017 Draymond Green
51%
2002 Ben Wallace
48%
2003 Ben Wallace
48%
2005 Ben Wallace
48%
2006 Ben Wallace
48%
2023 Jaren Jackson Jr.
48%
1990 Dennis Rodman
45%
1991 Dennis Rodman
45%
2015 Kawhi Leonard
45%
2016 Kawhi Leonard
45%
1993 Hakeem Olajuwon
42%
1994 Hakeem Olajuwon
42%
2020 Giannis Antetokounmpo
41%
1995 Dikembe Mutombo
40%
1997 Dikembe Mutombo
40%
1998 Dikembe Mutombo
40%
2001 Dikembe Mutombo
40%
2013 Marc Gasol
40%
1992 David Robinson
37%
2008 Kevin Garnett
29%
2014 Joakim Noah
23%
1996 Gary Payton
21%
2012 Tyson Chandler
19%
2025 Evan Mobley
14%
1999 Alonzo Mourning
12%
2000 Alonzo Mourning
12%
1986 Alvin Robertson
8%
1985 Mark Eaton
8%
1989 Mark Eaton
8%
2004 Metta World Peace
8%
2007 Marcus Camby
7%
1987 Michael Cooper
5%
1983 Sidney Moncrief
5%
1984 Sidney Moncrief
5%
Keine übereinstimmenden Quizze gefunden
Verteilung der Resultate
Anzahl Personen mit jedem Resultat
Perzentil nach korrekt beantworteten Fragen
Ihre Resultats-Entwicklung
Sie haben dieses Quiz seit der letzten Aktualisierung nicht gespielt